| 000 | 00722nam a22001935i 4500 | ||
|---|---|---|---|
| 001 | 171489 | ||
| 003 | ES-MaACL | ||
| 005 | 20250828004913.0 | ||
| 008 | 090519s1951 sp |||| | spa d | ||
| 080 | _a37 | ||
| 100 | 1 |
_aSolana, Ezequiel. _9140208 |
|
| 245 | 1 | 0 |
_aCurso completo de pedagogía / _cpor Ezequiel Solana. |
| 260 |
_aMadrid : _bEscuela Española, _c1951. |
||
| 300 |
_a4 v. ; _c22 cm. |
||
| 505 | 8 | _aContiene: I. Pedagogía general.- 367 p. II. Didáctica pedagógica.- 396 p., 1 h. III. Organización escolar e instituciones complementarias.- 323 p. IV. Historia de la pedagogía.- 603 p. | |
| 650 | 1 | 7 |
_aPedagogía _2embne _915904 |
| 852 |
_aES-MaACL _jE-2362-65 _9R.36922 |
||
| 999 |
_c171489 _d171489 |
||